An introduction to engineered software /

Bibliographic Details
Main Author: Gillett, Will D.
Other Authors: Pollack, Seymour V.
Format: Book
Language:English
Published: New York : Holt, Rinehart, and Winston, [1982]
Series:HRW series in computer science.
Subjects:

MARC

Tag First Indicator Second Indicator Subfields
LEADER 00000pam a2200000 a 4500
001 in00000049835
005 20151007075831.0
008 811005s1982 njua 00110 eng
010 |a  81013253  
020 |a 0030569028 
035 |a (OCoLC)07923836 
035 |9 AAF3879AM 
039 0 |a 2  |b 3  |c 3  |d 3  |e 3 
040 |a DLC  |c DLC  |d TXA  |d UtOrBLW 
049 |a TXAM  |c [1805649] 
050 0 0 |a QA76.6  |b  G554 1982 
082 0 |a 001.64/2  |2 19 
100 1 |a Gillett, Will D. 
245 1 3 |a An introduction to engineered software /  |c Will D. Gillett, Seymour V. Pollack. 
264 1 |a New York :  |b Holt, Rinehart, and Winston,  |c [1982] 
264 4 |c ©1982 
300 |a x, 322 pages :  |b illustrations ;  |c 24 cm. 
336 |a text  |b txt  |2 rdacontent 
337 |a unmediated  |b n  |2 rdamedia 
338 |a volume  |b nc  |2 rdacarrier 
490 1 |a HRW series in computer science 
500 |a Includes index. 
650 0 |a Computer programming. 
700 1 |a Pollack, Seymour V. 
830 0 |a HRW series in computer science. 
999 |a MARS 
999 f f |s 61085df0-6894-3d08-a46c-d3af828d195c  |i f7f7250b-2e17-35da-9957-4c3a3827ae5e  |t 0 
952 f f |p ric  |a Texas A&M University  |b Rellis Campus  |c Joint Library Facility  |d Remote Storage  |t 0  |e QA76.6 G554 1982  |h Library of Congress classification  |i unmediated -- volume  |m A14805942262 
998 f f |a QA76.6 G554 1982  |t 0  |l Remote Storage